000 00549nam a2200229Ia 4500
003 OSt
005 20220918193347.0
006 a|||||r|||| 00| 0
007 ta
008 220917b |||||||| |||| 00| 0 eng d
024 _a72,749
037 _cTextual
040 _aARTS
_cARTS
_beng
041 _2eng
_aeng
082 _aR406.73, K9
100 _aFurfey Paul Hanly
_981542
245 0 _aMorality gap
260 _c1969
650 _aETHICS
942 _hR406.73, K9
_cTEXL
_2CC
999 _c198702
_d198702